=LDR 00000nam 2200000 4500 =001 INLIS000000001052552 =005 20240909093658 =035 ##$$a 0010-0924000091 =007 ta =008 240909################a##########0###### =020 ##$$a 978-89-6509-250-6 =082 ##$$a 028.55 =084 ##$$a 028.55 JEO c =100 #$$a Jeon Min-Hee =245 1#$$a Cumi /$c Jeon Min-Hee =260 ##$$a Tongkeun World :$b Gyeonggi-do,$c 2011 =300 ##$$a 25 hlm : $b ilus ; $c 19,8 x 18,8 cm =650 #4$$a Bacaan Kanak-kanak =990 ##$$a 19501950